Central Library OPAC University of Rajshahi

টলষ্টয়ের ওঅর এ্যান্ড পীস / (Record no. 71284)

MARC details
000 -LEADER
fixed length control field 01134nam a2200265 a 4500
001 - CONTROL NUMBER
control field 71284
003 - CONTROL NUMBER IDENTIFIER
rucl marc code BD-RjUL
005 - DATE AND TIME OF LATEST TRANSACTION
control field 20211209082110.0
008 - FIXED-LENGTH DATA ELEMENTS--GENERAL INFORMATION
fixed length control field 170430s1969 ii ||||| |||| 00| 0 ben d
020 ## - INTERNATIONAL STANDARD BOOK NUMBER
Terms of availability : TK. 6.00
035 ## - SYSTEM CONTROL NUMBER
System control number (BD-RjUL)71500
040 ## - CATALOGING SOURCE
Original cataloging agency BD-RjUL
Language of cataloging ben
Transcribing agency BD-RjUL
Modifying agency BD-RjUL
041 ## - LANGUAGE CODE
Language code of text/sound track or separate title ben
082 ## - DEWEY DECIMAL CLASSIFICATION NUMBER
Edition number 23
Classification number 891.73
Author mark and year TOL 1969
245 ## - TITLE STATEMENT
Title টলষ্টয়ের ওঅর এ্যান্ড পীস /
Statement of responsibility, etc. অনূদিত, গৌরীশঙ্কর ভট্টাচার্য
260 ## - PUBLICATION, DISTRIBUTION, ETC. (IMPRINT)
Place of publication, distribution, etc. কলিকাতা :
Name of publisher, distributor, etc. মিত্র ও ঘোষ,
Date of publication, distribution, etc. ১৯৬৯.
300 ## - PHYSICAL DESCRIPTION
Pagination খন্ড. ;
Size ২৪ সেমি.
505 ## - FORMATTED CONTENTS NOTE
Formatted contents note খন্ড.-২--নেহরু স্মূতি পুরস্কার ভূষিত অনুবাদঃ ১৯৬৭--
600 ## - SUBJECT ADDED ENTRY--PERSONAL NAME
Personal name টলষ্টয়
Dates associated with a name ১৮২৮-১৯১০
Personal name Tolstoy
Dates associated with a name 1828-1910
650 ## - SUBJECT ADDED ENTRY--TOPICAL TERM
Topical term or geographic name as entry element রাশিয়ান সাহিত্য
9 (RLIN) 210933
Topical term or geographic name as entry element Russian Literature
9 (RLIN) 210934
700 ## - ADDED ENTRY--PERSONAL NAME
Personal name ভট্টাচার্য, গৌরীশঙ্কর
942 ## - ADDED ENTRY ELEMENTS (KOHA)
Source of classification or shelving scheme Dewey Decimal Classification
Koha item type Books
Holdings
Lost status Source of classification or shelving scheme Damaged status Not for loan Collection code Permanent Location Current Location Shelving location Date acquired Source of acquisition Cost, normal purchase price Total Checkouts Full call number Date last seen Copy number Koha item type
  Dewey Decimal Classification   Not For Loan Non-fiction Central Library, University of Rajshahi Central Library, University of Rajshahi Reading Room 09/12/2021 D.B. Library, Rajshahi 6.00   B 891.73 TOL V-2 1969 30/04/2017 C-1 Books
  Dewey Decimal Classification     Non-fiction Central Library, University of Rajshahi Central Library, University of Rajshahi   23/08/1973 Indian Govt.     B 891.73 TOL 1969 V-2 24/12/2020 C-2 Books